00675nam a2200241 a 4500001001300000003000900013005001700022008004100039020001000080082001300090100001700103245005400120260002500174300000900199500003500208505001000243650002000253700001700273902000800290942000700298952011300305999001500418nice12345678IN_TiNIC20260116011836.0050524s1952 lona grp 000 0 eng  ac10000a261bPAR aParks, James aGod at Workb in Science, Politics and Human Life aLondonbPutnamc1952 a180p aincludes index and biblioraphy2 aIndex aTheology-Social1 aParks, James bSRS cBK 001040708StackRoom-aHMIbHMId2007-07-10g100.00l0o261 PARp05487r2007-07-10v100.00w2005-05-24yBK c4364d4364